The keepers of the empire / (Record no. 368378)
[ view plain ]
| 000 -LEADER | |
|---|---|
| fixed length control field | 03154pam a2200637 i 4500 |
| 001 - CONTROL NUMBER | |
| control field | BK0027199753 |
| 003 - CONTROL NUMBER IDENTIFIER | |
| control field | DLC |
| 005 - DATE AND TIME OF LATEST TRANSACTION | |
| control field | 20220520132619.0 |
| 008 - FIXED-LENGTH DATA ELEMENTS--GENERAL INFORMATION | |
| fixed length control field | 210119t20212020nyua c 000 1 eng |
| 010 ## - LIBRARY OF CONGRESS CONTROL NUMBER | |
| LC control number | 2021000130 |
| 020 ## - INTERNATIONAL STANDARD BOOK NUMBER | |
| International Standard Book Number | 9781338756920 : HRD |
| Terms of availability | 14.99 |
| 020 ## - INTERNATIONAL STANDARD BOOK NUMBER | |
| International Standard Book Number | 1338756923 : HRD |
| Terms of availability | 14.99 |
| Qualifying information | (hardback) |
| Cancelled/invalid ISBN | 9781338756937 |
| Qualifying information | (ebook) |
| 037 ## - SOURCE OF ACQUISITION | |
| Source of stock number/acquisition | Scholastic, Po Box 7502, Jefferson City, MO, USA, 65102 |
| Note | SAN 860-0023 |
| 040 ## - CATALOGING SOURCE | |
| Original cataloging agency | NJQ/DLC |
| Language of cataloging | eng |
| Description conventions | rda |
| Transcribing agency | DLC |
| Modifying agency | NjBwBT |
| -- | GCmBT |
| -- | NjBwBT |
| 041 1# - LANGUAGE CODE | |
| Language code of text/sound track or separate title | eng |
| Language code of original and/or intermediate translations of text | ita |
| 050 00 - LIBRARY OF CONGRESS CALL NUMBER | |
| Classification number | PZ7.S86008 |
| Item number | Ke 2021 |
| 082 04 - DEWEY DECIMAL CLASSIFICATION NUMBER | |
| Classification number | [Fic] |
| Edition number | 23 |
| 092 ## - LOCALLY ASSIGNED DEWEY CALL NUMBER (OCLC) | |
| Classification number | FIC |
| 100 1# - MAIN ENTRY--PERSONAL NAME | |
| Personal name | Stilton, Geronimo, |
| Relator term | author. |
| 240 10 - UNIFORM TITLE | |
| Uniform title | <a href="Custodi del Regno della Fantasia.">Custodi del Regno della Fantasia.</a> |
| Language of a work | English |
| 245 14 - TITLE STATEMENT | |
| Title | The keepers of the empire / |
| Statement of responsibility, etc | Geronimo Stilton ; illustrations by Danilo Barozzi, Ivan Bigerella, Silvia Bigolin, Carla Debernardi, Danilo Loizedda [and 2 others] ; translated by Emily Clement. |
| 250 ## - EDITION STATEMENT | |
| Edition statement | First edition. |
| 264 #1 - Production, Publication, Distribution, Manufacture, and Copyright Notice. | |
| Place of production, publication, distribution, manufacture | New York, NY : |
| Name of producer, publisher, distributor, manufacturer | Scholastic, Inc., |
| Date of production, publication, distribution, manufacture, or copyr | 2021. |
| 264 #4 - Production, Publication, Distribution, Manufacture, and Copyright Notice. | |
| Date of production, publication, distribution, manufacture, or copyr | A2020 |
| 300 ## - PHYSICAL DESCRIPTION | |
| Extent | 285 pages : |
| Other physical details | color illustrations ; |
| Dimensions | 20 cm. |
| 336 ## - Content Type | |
| Content type term | text |
| 337 ## - Media type | |
| Media type term | unmediated |
| 338 ## - Carrier type | |
| Carrier type term | volume |
| 490 1# - SERIES STATEMENT | |
| Series statement | The fourteenth adventure in the Kingdom of Fantasy |
| 500 ## - GENERAL NOTE | |
| General note | Original title: I Custodi del Regno della Fantasia. |
| 521 ## - TARGET AUDIENCE NOTE | |
| Target audience note | Ages 7-10. |
| Source | Scholastic, Inc. |
| 521 ## - TARGET AUDIENCE NOTE | |
| Target audience note | Grades 2-3. |
| Source | Scholastic, Inc. |
| 546 ## - LANGUAGE NOTE | |
| Language note | Text in English, translated from the Italian. |
| 520 ## - SUMMARY, ETC. | |
| Summary, etc | Drawn once again into the Kingdom of Fantasy, Geronimo discovers that the Land of Books is being threatened by a wave of grayness spreading from the Kingdom of Swamp Valley rotting books and turning all the characters gray, sad and worried--and it will beup to Geronimo, Winglet (daughter of Blossom and newly crowned empress), and the intrepid characters from fiction who join them along the way, to locate the source of this new evil and put a stop to it. |
| 600 10 - SUBJECT ADDED ENTRY--PERSONAL NAME | |
| Personal name | Stilton, Geronimo |
| Form subdivision | Juvenile fiction. |
| 9 (RLIN) | 5693445 |
| 650 #0 - SUBJECT ADDED ENTRY--TOPICAL TERM | |
| Topical term or geographic name as entry element | Mice |
| Form subdivision | Juvenile fiction. |
| 9 (RLIN) | 5676295 |
| 650 #0 - SUBJECT ADDED ENTRY--TOPICAL TERM | |
| Topical term or geographic name as entry element | Magic |
| Form subdivision | Juvenile fiction. |
| 9 (RLIN) | 5673690 |
| 650 #0 - SUBJECT ADDED ENTRY--TOPICAL TERM | |
| Topical term or geographic name as entry element | Quests (Expeditions) |
| Form subdivision | Juvenile fiction. |
| 9 (RLIN) | 5675013 |
| 650 #0 - SUBJECT ADDED ENTRY--TOPICAL TERM | |
| Topical term or geographic name as entry element | Imaginary places |
| Form subdivision | Juvenile fiction. |
| 9 (RLIN) | 5688640 |
| 655 #7 - INDEX TERM--GENRE/FORM | |
| Genre/form data or focus term | Action and adventure fiction. |
| Source of term | lcgft |
| 655 #7 - INDEX TERM--GENRE/FORM | |
| Genre/form data or focus term | Humorous fiction. |
| Source of term | lcgft |
| 650 #1 - SUBJECT ADDED ENTRY--TOPICAL TERM | |
| Topical term or geographic name as entry element | Mice |
| Form subdivision | Fiction. |
| 650 #1 - SUBJECT ADDED ENTRY--TOPICAL TERM | |
| Topical term or geographic name as entry element | Magic |
| Form subdivision | Fiction. |
| 9 (RLIN) | 5673694 |
| 650 #1 - SUBJECT ADDED ENTRY--TOPICAL TERM | |
| Topical term or geographic name as entry element | Characters in literature |
| Form subdivision | Fiction. |
| 9 (RLIN) | 5674873 |
| 650 #1 - SUBJECT ADDED ENTRY--TOPICAL TERM | |
| Topical term or geographic name as entry element | Adventure and adventurers |
| Form subdivision | Fiction. |
| 9 (RLIN) | 102533 |
| 650 #1 - SUBJECT ADDED ENTRY--TOPICAL TERM | |
| Topical term or geographic name as entry element | Fantasy. |
| 700 1# - ADDED ENTRY--PERSONAL NAME | |
| Personal name | Barozzi, Danilo, |
| Relator term | illustrator. |
| 9 (RLIN) | 5853054 |
| 700 1# - ADDED ENTRY--PERSONAL NAME | |
| Personal name | Bigerella, Ivan, |
| Relator term | illustrator. |
| 9 (RLIN) | 6448367 |
| 700 1# - ADDED ENTRY--PERSONAL NAME | |
| Personal name | Bigolin, Silvia, |
| Relator term | illustrator. |
| 9 (RLIN) | 6017121 |
| 700 1# - ADDED ENTRY--PERSONAL NAME | |
| Personal name | De Bernardi, Carla, |
| Relator term | illustrator. |
| 9 (RLIN) | 6330939 |
| 700 1# - ADDED ENTRY--PERSONAL NAME | |
| Personal name | Loizedda, Danilo, |
| Dates associated with a name | 1971- |
| Relator term | illustrator. |
| 9 (RLIN) | 5814753 |
| 700 1# - ADDED ENTRY--PERSONAL NAME | |
| Personal name | Clement, Emily |
| Titles and other words associated with a name | (Translator), |
| Relator term | translator. |
| 776 08 - ADDITIONAL PHYSICAL FORM ENTRY | |
| Display text | Online version: |
| 776 08 - ADDITIONAL PHYSICAL FORM ENTRY | |
| Main entry heading | Stilton, Geronimo. |
| Title | Keepers of the empire |
| Edition | First edition. |
| Place, publisher, and date of publication | New York, NY : Scholastic, Inc., 2021 |
| International Standard Book Number | 9781338756937 |
| Record control number | (DLC) 2021000131 |
| 800 1# - SERIES ADDED ENTRY--PERSONAL NAME | |
| Personal name | Stilton, Geronimo. |
| Title of a work | Kingdom of Fantasy ; |
| Volume/sequential designation | 14. |
| 9 (RLIN) | 6375517 |
| Withdrawn status | Lost status | Source of classification or shelving scheme | Damaged status | Not for loan | Collection code | Home library | Current library | Shelving location | Date acquired | Source of acquisition | Serial Enumeration / chronology | Total Checkouts | Total Renewals | Full call number | Barcode | Date last seen | Date checked out | Cost, replacement price | Price effective from | Koha item type |
|---|---|---|---|---|---|---|---|---|---|---|---|---|---|---|---|---|---|---|---|---|
| Dewey Decimal Classification | Junior Fiction | Wasatch County Library | Wasatch County Library | Main Floor Junior Area | 12/08/2021 | Micromarketing | #14 Kingdom of Fantasy | 26 | 21 | J Stilton | 34301001833997 | 02/19/2026 | 10/21/2025 | 14.99 | 12/08/2021 | BOOK |
